[Event "WYb16"]
[Site "Heraklio GRE"]
[Date "2004.11.08"]
[EventDate "2004.11.04"]
[Round "6"]
[Result "1/2-1/2"]
[White "Valentin Iotov"]
[Black "Maxime Vachier-Lagrave"]
[WhiteElo "2414"]
[BlackElo "2493"]
[PlyCount "47"]

1. d4 Nf6 2. c4 g6 3. Nc3 d5 4. Bf4 Bg7 5. e3 c5 6. dxc5 Qa5
7. Rc1 dxc4 8. Bxc4 O-O 9. Nge2 Qxc5 10. Qb3 Nc6 11. Nb5 Qh5
12. Ng3 Qh4 13. Nc7 e5 14. Bxe5 Nxe5 15. Nxa8 Bd7 16. Nc7 Bc6
17. Nd5 Kh8 18. Nf4 g5 19. Nd3 Nxd3+ 20. Bxd3 Bxg2 21. Nf5 Qh5
22. Ng3 Qh4 23. Nf5 Qh5 24. Ng3 1/2-1/2

[Event "WYb16"]
[Site "Heraklio GRE"]
[Date "2004.11.10"]
[EventDate "2004.11.04"]
[Round "7"]
[Result "1-0"]
[White "Maxime Vachier-Lagrave"]
[Black "Subramanian Arun Prasad"]
[WhiteElo "2493"]
[BlackElo "2367"]
[PlyCount "51"]

1. e4 c5 2. Nf3 d6 3. d4 cxd4 4. Nxd4 Nf6 5. Nc3 a6 6. Be3 e6
7. g4 h6 8. Bg2 e5 9. Nf5 g6 10. Qe2 gxf5 11. exf5 Rg8 12. h3
Nbd7 13. O-O-O Qc7 14. f4 Kd8 15. Rhe1 exf4 16. Bxf4 Qc5
17. Rd5 Nxd5 18. Nxd5 Ne5 19. Be3 Qb5 20. Bb6+ Kd7 21. Nf6+
Ke7 22. Nxg8+ Kd7 23. Nf6+ Ke7 24. Nd5+ Kd7 25. Qe4 Be7
26. Bd4 1-0

[Event "WYb16"]
[Site "Heraklio GRE"]
[Date "2004.11.10"]
[EventDate "2004.11.04"]
[Round "8"]
[Result "1/2-1/2"]
[White "Maxime Vachier-Lagrave"]
[Black "Luka Lenic"]
[WhiteElo "2493"]
[BlackElo "2434"]
[PlyCount "85"]

1. e4 c5 2. Nf3 g6 3. d4 cxd4 4. Qxd4 Nf6 5. Nc3 Nc6 6. Qa4 d6
7. e5 dxe5 8. Nxe5 Bd7 9. Nxd7 Nxd7 10. Bb5 Bg7 11. Bxc6 bxc6
12. O-O Qb6 13. Qh4 Nf6 14. Na4 Qb5 15. b3 O-O 16. Ba3 Rfe8
17. Rad1 Qf5 18. Qc4 Qb5 19. Qc5 e5 20. c4 Qa6 21. Rd6 Rac8
22. Qe3 Ng4 23. Qe2 f5 24. Bb2 Bf8 25. Rd7 Nf6 26. Rdd1 Ne4
27. Qe3 Qb7 28. Rd3 Nf6 29. Rfd1 Qf7 30. R3d2 Re6 31. Rd8 Ng4
32. Qd2 Rxd8 33. Qxd8 Nf6 34. Qc8 Kg7 35. Rd8 Be7 36. Rd1 Bf8
37. Re1 Qd7 38. Qxd7+ Nxd7 39. f4 Kf6 40. fxe5+ Nxe5 41. Bd4
Bd6 42. Kf1 Re7 43. Bc5 1/2-1/2

[Event "WYb16"]
[Site "Heraklio GRE"]
[Date "2004.11.13"]
[EventDate "2004.11.04"]
[Round "11"]
[Result "1-0"]
[White "Vasily Papin"]
[Black "Maxime Vachier-Lagrave"]
[WhiteElo "2411"]
[BlackElo "2493"]
[PlyCount "51"]

1. e4 c5 2. Nf3 Nc6 3. Bb5 d6 4. O-O Bd7 5. Re1 Nf6 6. c3 a6
7. Bf1 Bg4 8. d4 cxd4 9. cxd4 Bxf3 10. gxf3 d5 11. e5 Nh5
12. f4 g6 13. f5 Ng7 14. f6 exf6 15. exf6+ Ne6 16. Nc3 Bb4
17. Bg2 O-O 18. a3 Ba5 19. b4 Bb6 20. Nxd5 Bxd4 21. Ne7+ Kh8
22. Bh6 Rg8 23. Nxc6 bxc6 24. Rxe6 fxe6 25. f7 Rg7 26. f8=R+
1-0

[Event "FRA-chT U20a 0405"]
[Site "France"]
[Date "2004.11.19"]
[EventDate "2004.??.??"]
[Round "9"]
[Result "0-1"]
[White "Jonathan Dourerassou"]
[Black "Maxime Vachier-Lagrave"]
[WhiteElo "2371"]
[BlackElo "2637"]
[PlyCount "124"]

1. Nf3 Nf6 2. c4 c5 3. Nc3 Nc6 4. d4 cxd4 5. Nxd4 e6 6. Ndb5
d5 7. cxd5 Nxd5 8. Nxd5 exd5 9. Qxd5 Bb4+ 10. Bd2 Qe7 11. a3
Bxd2+ 12. Qxd2 O-O 13. Qd6 Qg5 14. e3 Rd8 15. Qf4 Qxf4
16. exf4 Bf5 17. Be2 a6 18. Nc3 Nd4 19. O-O Rac8 20. Rfd1 Bc2
21. Rd2 Nf3+ 22. Bxf3 Rxd2 23. Bxb7 Rb8 24. Bxa6 Rxb2 25. Bf1
Rb3 26. Nb5 Rb1 27. Rxb1 Bxb1 28. g3 Rd1 29. Nc3 Rc1 30. Nxb1
Rxb1 31. Kg2 Ra1 32. Be2 Rxa3 33. Bf3 Kf8 34. Be4 h6 35. h4
Ke7 36. g4 Kd6 37. f3 Ra1 38. Kg3 Kc5 39. f5 Kd4 40. Kf4 Rh1
41. h5 f6 42. Ba8 Re1 43. Bb7 Kd3 44. Ba6+ Kd2 45. Bb5 Re5
46. Ba6 Ra5 47. Bb7 Ra4+ 48. Be4 Ke2 49. Kg3 Ke3 50. Bc6 Ra1
51. Kg2 Kf4 52. Bb7 Ra2+ 53. Kh3 Rf2 54. Bc6 Rxf3+ 55. Bxf3
Kxf3 56. Kh4 Kg2 57. g5 hxg5+ 58. Kg4 Kf2 59. h6 gxh6 60. Kh5
Ke3 61. Kg6 g4 62. Kxf6 g3 0-1

[Event "FRA-chT U20a 0405"]
[Site "France"]
[Date "2004.11.19"]
[EventDate "2004.??.??"]
[Round "10"]
[Result "1-0"]
[White "Maxime Vachier-Lagrave"]
[Black "Timothee Heinz"]
[WhiteElo "2637"]
[BlackElo "2324"]
[PlyCount "73"]

1. e4 e5 2. Nf3 Nc6 3. Bb5 Nf6 4. O-O Nxe4 5. d4 a6 6. Ba4 b5
7. Bb3 d5 8. dxe5 Be6 9. c3 Bc5 10. Qd3 O-O 11. Nbd2 f5
12. exf6 Nxf6 13. Ng5 Bf7 14. Nxf7 Rxf7 15. Nf3 Qd6 16. Bg5
Rd8 17. Rae1 Re7 18. Bh4 Kh8 19. a4 Rxe1 20. Rxe1 Ne4 21. axb5
axb5 22. Qxd5 Qxd5 23. Bxd5 Rxd5 24. Rxe4 h6 25. Kf1 Rd1+
26. Re1 Rd5 27. Bg3 Bb6 28. Re6 Na5 29. Ke2 Nb3 30. Bf4 Rd8
31. Re7 Ra8 32. Kd1 Bxf2 33. Be5 Kg8 34. Rxg7+ Kf8 35. Rxc7
Na5 36. Ke2 Bb6 37. Rh7 1-0

[Event "FRA-chT U20a 0405"]
[Site "France"]
[Date "2004.11.19"]
[EventDate "2004.??.??"]
[Round "11"]
[Result "0-1"]
[White "Sebastien Feller"]
[Black "Maxime Vachier-Lagrave"]
[WhiteElo "2522"]
[BlackElo "2637"]
[PlyCount "80"]

1. Nf3 c5 2. c4 Nf6 3. Nc3 Nc6 4. d4 cxd4 5. Nxd4 e6 6. Bf4 d5
7. cxd5 Nxd5 8. Nxc6 bxc6 9. Bd2 Rb8 10. e4 Nf6 11. Qc2 Bd6
12. Be2 O-O 13. O-O Qc7 14. h3 Bb7 15. Bg5 Be7 16. Bd3 Ng4
17. hxg4 Bxg5 18. Na4 Bf6 19. Nc5 Bc8 20. Rab1 Qf4 21. Be2 Bd4
22. Nb3 Bb6 23. Qd3 Rd8 24. Qf3 Qe5 25. Bc4 Bb7 26. Qe2 a5
27. a4 Qd6 28. Qe1 Qe5 29. Qe2 c5 30. Rfe1 Bc6 31. Bb5 Bxb5
32. axb5 c4 33. Nd2 Qxb5 34. Nxc4 Bd4 35. Ra1 a4 36. Qc2 Ra8
37. Red1 e5 38. Rdc1 Rdc8 39. Ra2 Ra6 40. Raa1 Rf6 0-1

[Event "FRA-chT U20 0405"]
[Site "France"]
[Date "2004.11.20"]
[EventDate "2004.??.??"]
[Round "3"]
[Result "0-1"]
[White "Benjamin Tache"]
[Black "Maxime Vachier-Lagrave"]
[WhiteElo "1944"]
[BlackElo "2637"]
[PlyCount "104"]

1. d4 Nf6 2. c4 g6 3. Nc3 d5 4. Nf3 Bg7 5. cxd5 Nxd5 6. e4
Nxc3 7. bxc3 O-O 8. Be3 c5 9. Be2 Nc6 10. O-O cxd4 11. cxd4
Bg4 12. d5 Na5 13. Bd4 b6 14. Bxg7 Kxg7 15. Ne5 Bxe2 16. Qxe2
Qd6 17. Ng4 Rac8 18. Rac1 Qb4 19. e5 Rc4 20. Rxc4 Qxc4
21. Qxc4 Nxc4 22. Rc1 b5 23. Ne3 Rd8 24. Nxc4 bxc4 25. Rd1 c3
26. f4 g5 27. g3 Kg6 28. Kf2 Kf5 29. Ke3 c2 30. Rc1 gxf4+
31. gxf4 Rc8 32. Kd4 Kxf4 33. d6 e6 34. Rf1+ Kg4 35. Rc1 Kf3
36. Kd3 Rc5 37. Kd4 Rd5+ 38. Kc3 Kf4 39. Rxc2 Kxe5 40. Rg2 Kf6
41. Rf2+ Kg7 42. Rg2+ Kf8 43. Rb2 Rxd6 44. Rb7 a6 45. a4 Rd5
46. Rb6 a5 47. Kc4 Kg7 48. Rb5 Rf5 49. Kd3 Kf6 50. Ke4 Rxb5
51. axb5 Ke7 52. Kd4 Kd6 0-1

[Event "4e TOURNOI GMI"]
[Site "PARIS"]
[Date "2004.12.16"]
[EventDate "2004.??.??"]
[Round "2"]
[Result "1-0"]
[White "Maxime Vachier-Lagrave"]
[Black "Sebastien Maze"]
[WhiteElo "2493"]
[BlackElo "2464"]
[PlyCount "81"]

1. e4 c5 2. Nf3 Nc6 3. d4 cxd4 4. Nxd4 Nf6 5. Nc3 e5 6. Ndb5
d6 7. Bg5 a6 8. Na3 b5 9. Nd5 Be7 10. Nxe7 Nxe7 11. Bxf6 gxf6
12. c4 Qa5+ 13. Qd2 Qxd2+ 14. Kxd2 b4 15. Nc2 Nc6 16. a3 bxa3
17. b4 Bb7 18. Rxa3 a5 19. b5 Nd8 20. Bd3 Ne6 21. Rha1 Nc5
22. f3 Kd7 23. Kc3 Rac8 24. Ne3 a4 25. Bc2 Rhg8 26. Kb4 Kc7
27. Bxa4 f5 28. exf5 e4 29. fxe4 Bxe4 30. g3 Bb7 31. Rd1 Rcd8
32. Ra2 Nxa4 33. Rxa4 Rge8 34. Nd5+ Kb8 35. Ka5 Bxd5 36. Rxd5
Kb7 37. Kb4 Re4 38. Kc3 Re3+ 39. Kd2 Rde8 40. Rxd6 Re2+
41. Kc3 1-0

[Event "4e TOURNOI GMI"]
[Site "PARIS"]
[Date "2004.12.17"]
[EventDate "2004.??.??"]
[Round "3"]
[Result "1/2-1/2"]
[White "Aurelien Dunis"]
[Black "Maxime Vachier-Lagrave"]
[WhiteElo "2461"]
[BlackElo "2493"]
[PlyCount "94"]

1. e4 c5 2. Nf3 e6 3. d4 cxd4 4. Nxd4 a6 5. Bd3 Bc5 6. Nb3 Be7
7. O-O d6 8. Qg4 g6 9. Qe2 Nd7 10. c4 Qc7 11. f4 Ngf6 12. Nc3
O-O 13. Bd2 b6 14. Rae1 Bb7 15. Kh1 Rad8 16. Nd4 Rfe8 17. Nf3
Nc5 18. Bb1 d5 19. exd5 exd5 20. Nxd5 Nxd5 21. cxd5 Qd7
22. Qf2 Bxd5 23. f5 Bc4 24. Ne5 Qxd2 25. Qxd2 Rxd2 26. Nxc4
Rdd8 27. Nxb6 Bg5 28. Rxe8+ Rxe8 29. b4 Ne4 30. Bd3 Kg7 31. g3
Be3 32. Bxe4 Rxe4 33. f6+ Kh6 34. Re1 Rxb4 35. Nd5 Bf2
36. Nxb4 Bxe1 37. Nxa6 Kg5 38. Kg2 Kxf6 39. a4 Ke5 40. Nc5 Kd5
41. Nd3 Bc3 42. Kf3 Kc4 43. Nf4 Kb3 44. Nd5 Bd2 45. Nf6 Kxa4
46. Nxh7 Kb5 47. Nf6 Kc6 1/2-1/2

[Event "4e TOURNOI GMI"]
[Site "PARIS"]
[Date "2004.12.20"]
[EventDate "2004.??.??"]
[Round "6"]
[Result "0-1"]
[White "Cyril Marzolo"]
[Black "Maxime Vachier-Lagrave"]
[WhiteElo "2437"]
[BlackElo "2493"]
[PlyCount "56"]

1. d4 Nf6 2. Nf3 g6 3. c4 Bg7 4. g3 O-O 5. Bg2 d5 6. cxd5 Nxd5
7. O-O Nb6 8. Nc3 Nc6 9. d5 Na5 10. e4 c6 11. Re1 cxd5
12. exd5 Nac4 13. Qb3 Bf5 14. a4 Rc8 15. Nh4 Bd3 16. Nb5 Ne5
17. Na3 Nbc4 18. Qxb7 Na5 19. Qxa7 Nb3 20. Bg5 Nxa1 21. Rxa1
Ra8 22. Qc5 Qb8 23. Qc1 f6 24. Bd2 Rxa4 25. Bc3 Rxh4 26. Bxe5
fxe5 27. gxh4 e4 28. Ra2 Qb3 0-1

[Event "4e TOURNOI GMI"]
[Site "PARIS"]
[Date "2004.12.23"]
[EventDate "2004.??.??"]
[Round "9"]
[Result "1-0"]
[White "Maxime Vachier-Lagrave"]
[Black "Alberto David"]
[WhiteElo "2493"]
[BlackElo "2573"]
[PlyCount "57"]

1. e4 c5 2. Nf3 d6 3. d4 cxd4 4. Nxd4 Nf6 5. Nc3 a6 6. Be3 e5
7. Nb3 Be6 8. f3 Nbd7 9. Qd2 b5 10. O-O-O Nb6 11. Qf2 Nc4
12. Bxc4 bxc4 13. Nc5 Be7 14. g4 O-O 15. h4 Qc7 16. N5a4 Rab8
17. g5 Nd7 18. Qd2 Qc6 19. h5 f5 20. g6 f4 21. gxh7+ Kh8
22. Bf2 Rfd8 23. Rdg1 Rb7 24. h6 g5 25. Bh4 gxh4 26. Qg2 Bf6
27. Qg7+ Bxg7 28. hxg7+ Kxh7 29. g8=Q+ 1-0

[Event "FRA-chT U20"]
[Site "Pau"]
[Date "2005.??.??"]
[EventDate "2005.??.??"]
[Round "5"]
[Result "1-0"]
[White "Maxime Vachier-Lagrave"]
[Black "Romain Edouard"]
[WhiteElo "2637"]
[BlackElo "2507"]
[PlyCount "69"]

1. e4 c5 2. Nf3 g6 3. d4 cxd4 4. Qxd4 Nf6 5. Nc3 Nc6 6. Qa4 d6
7. e5 dxe5 8. Nxe5 Bd7 9. Nxd7 Nxd7 10. Bb5 Bg7 11. O-O O-O
12. Rd1 Bxc3 13. bxc3 Qc7 14. Bf4 e5 15. Bh6 Rfe8 16. Qh4 Nc5
17. Bg5 a6 18. Bf6 h5 19. Be2 Ne7 20. g4 Ne6 21. gxh5 Nf5
22. Qg4 Nf4 23. hxg6 fxg6 24. Bf1 Kf7 25. Bg5 Rh8 26. Rd2 Qxc3
27. Rd7+ Ke8 28. Rad1 Ne6 29. Re7+ Nxe7 30. Qxe6 Qc7 31. Bc4
Rf8 32. Bxe7 Qxe7 33. Qxg6+ Rf7 34. Rd6 Rc8 35. Bxf7+ 1-0

[Event "ch-FRA Top 16 GpA"]
[Site "Mulhouse FRA"]
[Date "2005.02.06"]
[EventDate "2005.02.04"]
[Round "3"]
[Result "1/2-1/2"]
[White "Romain Varoquier"]
[Black "Maxime Vachier-Lagrave"]
[WhiteElo "1920"]
[BlackElo "2488"]
[PlyCount "60"]

1. e4 c5 2. c4 Nc6 3. Nc3 g6 4. g3 Bg7 5. Bg2 e6 6. Nge2 Nge7
7. O-O a6 8. d3 O-O 9. Rb1 b5 10. Be3 d6 11. b3 b4 12. Na4 e5
13. Qd2 Rb8 14. h3 Bd7 15. f4 Nd4 16. Bxd4 exd4 17. Nb2 f5
18. Kh2 Qc8 19. Nd1 a5 20. Nf2 a4 21. Rfe1 Bc6 22. g4 Kh8
23. Ng3 axb3 24. axb3 Qb7 25. g5 fxe4 26. dxe4 Ra8 27. Nd3 Ra5
28. h4 h5 29. Qe2 Qa8 30. Rb2 Ra1 1/2-1/2

[Event "Open GMI"]
[Site "Evry"]
[Date "2005.02.21"]
[EventDate "2005.03.12"]
[Round "1"]
[Result "1-0"]
[White "Maxime Vachier-Lagrave"]
[Black "Martin Alexander Becker"]
[WhiteElo "2488"]
[BlackElo "2251"]
[PlyCount "117"]

1. e4 c5 2. Nf3 d6 3. d4 cxd4 4. Nxd4 Nf6 5. Nc3 a6 6. Be3 e5
7. Nb3 Be6 8. f3 Nbd7 9. Qd2 b5 10. O-O-O Rc8 11. g4 Nb6
12. g5 Nfd7 13. f4 g6 14. Qf2 Rxc3 15. bxc3 Qc7 16. f5 gxf5
17. exf5 Bc4 18. g6 d5 19. Qg3 fxg6 20. fxg6 Rg8 21. gxh7 Rxg3
22. hxg3 Bg7 23. h8=Q+ Bxh8 24. Rxh8+ Kf7 25. Rh7+ Ke8
26. Rh8+ Kf7 27. Rh7+ Ke8 28. Nc5 Qd6 29. Rh8+ Kf7 30. Rh6 Nf6
31. g4 d4 32. cxd4 exd4 33. Rxd4 Qe5 34. Bxc4+ Nxc4 35. Rxf6+
Qxf6 36. Rf4 Nxe3 37. Rxf6+ Kxf6 38. Nxa6 Nxg4 39. Nc7 b4
40. Kb2 Ke5 41. Kb3 Ne3 42. Na6 Kd4 43. Nxb4 Kc5 44. a4 Kb6
45. Nd3 Ka5 46. Nb2 Nd5 47. c4 Ne7 48. c5 Ka6 49. Kc4 Ka5
50. Kb3 Ka6 51. Nd3 Kb7 52. Nb4 Kc7 53. Kc4 Nf5 54. a5 Ne3+
55. Kb5 Nf5 56. Nd5+ Kb7 57. c6+ Kc8 58. a6 Nd4+ 59. Kb6 1-0

[Event "Open GMI"]
[Site "Evry"]
[Date "2005.02.22"]
[EventDate "2005.03.12"]
[Round "2"]
[Result "0-1"]
[White "Luc Bergez"]
[Black "Maxime Vachier-Lagrave"]
[WhiteElo "2371"]
[BlackElo "2488"]
[PlyCount "106"]

1. e4 c5 2. Nf3 Nc6 3. c3 Nf6 4. e5 Nd5 5. d4 cxd4 6. cxd4 d6
7. Bc4 dxe5 8. dxe5 Ndb4 9. Qb3 e6 10. O-O Bd7 11. Bg5 Qc7
12. Qc3 Rc8 13. Na3 Na5 14. Rfc1 Nxc4 15. Nxc4 b5 16. Nd6+
Bxd6 17. exd6 Qxc3 18. Rxc3 f6 19. Rxc8+ Bxc8 20. Be3 Nc6
21. Nd4 Nxd4 22. Bxd4 Kd7 23. Bxa7 Kxd6 24. Bb8+ Kc6 25. Rc1+
Kb7 26. Bg3 e5 27. f4 exf4 28. Bxf4 g5 29. Bd6 Be6 30. Be7
Bxa2 31. Bxf6 Rc8 32. Re1 Rc2 33. Re5 Bc4 34. h3 h6 35. Bg7
Kc6 36. Re3 h5 37. Rg3 g4 38. hxg4 h4 39. Rh3 Bd5 40. Rh2 Kd7
41. Kf1 h3 42. Bd4 Rd2 43. Ke1 Rxd4 44. gxh3 Ke6 45. Ke2 Ke5
46. Ke3 Rb4 47. Kd3 Be4+ 48. Kc3 Rc4+ 49. Kb3 Bd5 50. Rd2 Be6
51. g5 Rd4+ 52. Kc2 Rxd2+ 53. Kxd2 Bxh3 0-1

[Event "Open GMI"]
[Site "Evry"]
[Date "2005.02.22"]
[EventDate "2005.03.12"]
[Round "3"]
[Result "1/2-1/2"]
[White "Maxime Vachier-Lagrave"]
[Black "Sergey Fedorchuk"]
[WhiteElo "2488"]
[BlackElo "2570"]
[PlyCount "106"]

1. e4 e5 2. Nf3 Nc6 3. Bb5 a6 4. Bxc6 dxc6 5. O-O f6 6. d4
exd4 7. Nxd4 c5 8. Nb3 Qxd1 9. Rxd1 Bg4 10. f3 Be6 11. Bf4 c4
12. Nd4 O-O-O 13. Nc3 Bf7 14. Kf1 Ne7 15. Be3 g6 16. Rd2 Bg7
17. Rad1 Rhe8 18. Kf2 b6 19. f4 Kb7 20. Nf3 Rxd2+ 21. Rxd2 Be6
22. h3 h5 23. Bd4 Nc6 24. Be3 Bc8 25. Nd4 Nd8 26. f5 c5
27. Nde2 gxf5 28. Ng3 fxe4 29. Nxh5 Bh8 30. Nxe4 Nf7 31. Nd6+
Nxd6 32. Rxd6 c3 33. bxc3 f5 34. c4 Re4 35. Nf6 Rxc4 36. Kf3
Rxc2 37. h4 Ka7 38. g3 Rxa2 39. Kf4 a5 40. h5 a4 41. Nd5 Rb2
42. Nxb6 Rb4+ 43. Kg5 a3 44. Nxc8+ Kb7 45. Rd7+ Kxc8 46. Ra7
Rg4+ 47. Kxf5 Rxg3 48. Bxc5 Bb2 49. h6 Rh3 50. Kg6 Rg3+
51. Kf5 Rh3 52. Kg6 Rg3+ 53. Kf5 Rh3 1/2-1/2

[Event "Open GMI"]
[Site "Evry"]
[Date "2005.02.23"]
[EventDate "2005.03.12"]
[Round "4"]
[Result "0-1"]
[White "Ventzislav V Inkiov"]
[Black "Maxime Vachier-Lagrave"]
[WhiteElo "2495"]
[BlackElo "2488"]
[PlyCount "76"]

1. e4 c5 2. Nf3 e6 3. d4 cxd4 4. Nxd4 Nc6 5. Nc3 Qc7 6. g3 a6
7. Bg2 Nf6 8. O-O Bc5 9. Nxc6 dxc6 10. e5 Qxe5 11. Bf4 Qd4
12. Qe2 Be7 13. Be5 Qc5 14. a3 O-O 15. b4 Qb6 16. Rfd1 Nd7
17. Bd4 Qc7 18. Ne4 e5 19. Bb2 Nb6 20. Nc5 f6 21. Be4 Kh8
22. a4 a5 23. c4 axb4 24. a5 Nd5 25. cxd5 Bxc5 26. dxc6 bxc6
27. Qc2 Rxa5 28. Rxa5 Qxa5 29. Bxh7 b3 30. Qb1 Qa2 31. Bg6
Qxb1 32. Rxb1 Bb4 33. f4 exf4 34. gxf4 c5 35. Kg2 c4 36. Rc1
Be6 37. Bc3 Bxc3 38. Rxc3 f5 0-1

[Event "Open GMI"]
[Site "Evry"]
[Date "2005.02.24"]
[EventDate "2005.03.12"]
[Round "5"]
[Result "1-0"]
[White "Maxime Vachier-Lagrave"]
[Black "Kamran G Shirazi"]
[WhiteElo "2488"]
[BlackElo "2416"]
[PlyCount "95"]

1. e4 g6 2. d4 Bg7 3. Nc3 a6 4. Be3 b5 5. a3 d6 6. f4 Bb7
7. Qf3 Nd7 8. O-O-O Ngf6 9. g4 h5 10. g5 Ng4 11. Nge2 Nxe3
12. Qxe3 c5 13. Bh3 cxd4 14. Nxd4 Nb6 15. f5 Nc4 16. Qf2 O-O
17. Nd5 e6 18. f6 exd5 19. Rhf1 Re8 20. fxg7 Qxg5+ 21. Kb1 Re7
22. Be6 Ne5 23. exd5 Rae8 24. Rde1 Kh7 25. h4 Qh6 26. Bxf7
Nxf7 27. Rxe7 Rxe7 28. Qf6 Rd7 29. Qe6 Bc8 30. Qe8 Qxg7
31. Qxc8 Rd8 32. Qc7 Qxd4 33. Rxf7+ Kg8 34. Rf1 Rf8 35. Rxf8+
Kxf8 36. Qxd6+ Kg7 37. Qe7+ Kh6 38. d6 b4 39. d7 bxa3 40. bxa3
Qd1+ 41. Kb2 Qd4+ 42. Kb3 Qd5+ 43. Kc3 Qa5+ 44. Kd3 Qd5+
45. Ke3 Qc6 46. d8=Q Qc3+ 47. Ke2 Qc4+ 48. Kd2 1-0

[Event "Open GMI"]
[Site "Evry"]
[Date "2005.02.24"]
[EventDate "2005.03.12"]
[Round "6"]
[Result "1/2-1/2"]
[White "Spartak Vysochin"]
[Black "Maxime Vachier-Lagrave"]
[WhiteElo "2579"]
[BlackElo "2488"]
[PlyCount "77"]

1. e4 c5 2. c3 Nf6 3. e5 Nd5 4. Nf3 Nc6 5. d4 cxd4 6. cxd4 d6
7. Bc4 dxe5 8. Bxd5 Qxd5 9. Nc3 Qd6 10. d5 Nd4 11. Nxd4 exd4
12. Qxd4 e5 13. Qd3 Bd7 14. O-O f5 15. Qg3 Kf7 16. f4 e4
17. Be3 Be7 18. Bd4 Bf6 19. Bxf6 Qxf6 20. Qe3 Qb6 21. Qxb6
axb6 22. Rad1 Rhc8 23. Rd4 b5 24. a3 Ra6 25. Rfd1 Rc4 26. Kf2
Rh6 27. h3 Rg6 28. g3 Ke8 29. Ne2 Rc2 30. R1d2 Rxd2 31. Rxd2
Rh6 32. h4 Rb6 33. Rd4 Ke7 34. Ke3 Kd6 35. Nc3 h5 36. Nb1 Ra6
37. Nc3 Rb6 38. Nb1 Ra6 39. Nc3 1/2-1/2

[Event "Open GMI"]
[Site "Evry"]
[Date "2005.02.25"]
[EventDate "2005.03.12"]
[Round "7"]
[Result "0-1"]
[White "Slim Belkhodja"]
[Black "Maxime Vachier-Lagrave"]
[WhiteElo "2478"]
[BlackElo "2488"]
[PlyCount "52"]

1. e4 c5 2. Nf3 Nc6 3. Bb5 d6 4. O-O Bd7 5. c3 Nf6 6. Re1 a6
7. Bxc6 Bxc6 8. d4 Bxe4 9. Bg5 Bd5 10. Bxf6 gxf6 11. Nbd2 cxd4
12. c4 Bxf3 13. Qxf3 e5 14. Qxb7 Be7 15. Nf3 Rb8 16. Qxa6 Qd7
17. c5 dxc5 18. b3 O-O 19. Qd3 Kh8 20. Nd2 Rg8 21. a4 Bd8
22. a5 Qb5 23. Qf3 Bxa5 24. Qxf6+ Rg7 25. Nc4 Bxe1 26. Nd6
Bxf2+ 0-1

[Event "Open GMI"]
[Site "Evry"]
[Date "2005.02.26"]
[EventDate "2005.03.12"]
[Round "8"]
[Result "1/2-1/2"]
[White "Maxime Vachier-Lagrave"]
[Black "Jonathan Dourerassou"]
[WhiteElo "2488"]
[BlackElo "2345"]
[PlyCount "53"]

1. e4 e6 2. d4 d5 3. Nd2 Nf6 4. e5 Nfd7 5. Bd3 c5 6. c3 Nc6
7. Ne2 cxd4 8. cxd4 f6 9. exf6 Nxf6 10. O-O Bd6 11. Nf3 O-O
12. Bf4 Bxf4 13. Nxf4 Ne4 14. Ne2 Rxf3 15. gxf3 Ng5 16. f4
Nh3+ 17. Kh1 Qh4 18. Qd2 Nxf2+ 19. Kg2 Nxd3 20. Qxd3 Bd7
21. Rf3 Qf6 22. Rh3 h6 23. Kh1 Be8 24. Rg1 Ne7 25. Rhg3 Nf5
26. R3g2 Rc8 27. Qa3 1/2-1/2

[Event "ch-FRA Top 16 GpA"]
[Site "Noyon FRA"]
[Date "2005.04.02"]
[EventDate "2005.03.31"]
[Round "6"]
[Result "0-1"]
[White "Maxime Vachier-Lagrave"]
[Black "Olivier Letreguilly"]
[WhiteElo "2488"]
[BlackElo "2274"]
[PlyCount "76"]

1. e4 c6 2. d4 d5 3. e5 c5 4. dxc5 e6 5. Nf3 Bxc5 6. Bd3 Qc7
7. O-O Nc6 8. Bf4 Nge7 9. Bg3 Bd7 10. c3 a6 11. Nbd2 Ba7
12. Re1 h6 13. Nb3 Rc8 14. Qd2 Na5 15. Nbd4 Bxd4 16. Nxd4 Nc4
17. Qe2 Qb6 18. Rab1 O-O 19. h4 Nf5 20. Nxf5 exf5 21. b3 Na3
22. Rbc1 Nb5 23. Qd2 Qa5 24. b4 Qa3 25. c4 dxc4 26. Bxc4 Rcd8
27. Red1 Kh7 28. Bf4 Be6 29. Qxd8 Rxd8 30. Rxd8 Bxc4 31. Rxc4
Qxa2 32. Rcc8 Qb1+ 33. Rc1 Qxb4 34. h5 Nc3 35. Bd2 Qe7
36. Bxc3 Qxd8 37. e6 fxe6 38. Be5 Qd2 0-1

[Event "ch-FRA Top 16 GpA"]
[Site "Noyon FRA"]
[Date "2005.04.03"]
[EventDate "2005.03.31"]
[Round "7"]
[Result "0-1"]
[White "Franck Petitpas"]
[Black "Maxime Vachier-Lagrave"]
[WhiteElo "2140"]
[BlackElo "2488"]
[PlyCount "68"]

1. e4 c5 2. Nf3 e6 3. d3 b6 4. g3 Bb7 5. Bg2 d6 6. O-O Be7
7. Nc3 Nd7 8. a3 Ngf6 9. Rb1 Rc8 10. Ne1 d5 11. f4 O-O 12. e5
Ne8 13. Qe2 Nc7 14. Bh3 g6 15. Nf3 b5 16. b4 d4 17. Ne4 Nd5
18. bxc5 Nxc5 19. Rxb5 Ba6 20. Rb2 Nxe4 21. Qxe4 Nc3 22. Qe1
Bxa3 23. Ra2 Nxa2 24. Bxa3 Rxc2 25. Rf2 Bxd3 26. Rxc2 Bxc2
27. Bxf8 Qxf8 28. Qa5 d3 29. Qxa2 Qc5+ 30. Kh1 Qe3 31. Ng1
Qe4+ 32. Bg2 d2 33. Qa1 Qe1 34. Bf3 Qxa1 0-1

[Event "French League Top 16"]
[Site "Port Barcares FRA"]
[Date "2005.05.04"]
[EventDate "2005.05.04"]
[Round "8"]
[Result "0-1"]
[White "Marie Sebag"]
[Black "Maxime Vachier-Lagrave"]
[WhiteElo "2417"]
[BlackElo "2525"]
[PlyCount "54"]

1. e4 c5 2. Nf3 e6 3. d4 cxd4 4. Nxd4 Nc6 5. Nxc6 bxc6 6. Bd3
Bc5 7. O-O Ne7 8. Kh1 O-O 9. Qh5 f5 10. Nd2 d5 11. exd5 cxd5
12. Qe2 Ng6 13. Nf3 Bd6 14. Bb5 Rb8 15. c4 a6 16. Bc6 dxc4
17. Qxc4 Ne7 18. Ba4 Rb4 19. Qc2 Bb7 20. Ng5 Nd5 21. Bb3 Re8
22. Nf3 Nf4 23. Re1 Nxg2 24. Rxe6 Kh8 25. Bg5 Bxf3 26. Bxd8
Ne3+ 27. Kg1 Bf8 0-1

[Event "NAO win the French Team Cup"]
[Site "Paris FRA"]
[Date "2005.06.26"]
[EventDate "2005.06.26"]
[Round "1"]
[Result "1-0"]
[White "Luc Bergez"]
[Black "Maxime Vachier-Lagrave"]
[WhiteElo "2327"]
[BlackElo "2525"]
[PlyCount "45"]

1. e4 c5 2. Nf3 Nc6 3. c3 Nf6 4. e5 Nd5 5. d4 cxd4 6. cxd4 d6
7. Bc4 dxe5 8. Nxe5 e6 9. O-O Be7 10. Re1 O-O 11. Nc3 Nxe5
12. dxe5 Nxc3 13. bxc3 Qc7 14. Qg4 Rd8 15. Bh6 g6 16. h4 Bd7
17. h5 Be8 18. hxg6 hxg6 19. Re3 Rdc8 20. Bb3 Bc5 21. Rae1
Bxe3 22. Rxe3 Qa5 23. Qh4 1-0

[Event "China - France Youth Match"]
[Site "Shenzheng CHN"]
[Date "2005.06.28"]
[EventDate "2005.06.28"]
[Round "1"]
[Result "1-0"]
[White "Maxime Vachier-Lagrave"]
[Black "Yifan Hou"]
[WhiteElo "2525"]
[BlackElo "2158"]
[PlyCount "123"]

1. e4 c5 2. Nf3 d6 3. d4 cxd4 4. Nxd4 Nf6 5. Nc3 Nc6 6. Bg5 e6
7. Qd2 Be7 8. O-O-O Nxd4 9. Qxd4 O-O 10. f3 a6 11. g4 b5
12. h4 Qa5 13. Kb1 b4 14. Ne2 e5 15. Qf2 Be6 16. Nc1 Qc7
17. Be3 a5 18. h5 a4 19. g5 Nd7 20. Bh3 a3 21. b3 Qc3 22. Nd3
Nc5 23. Qd2 Qxd2 24. Rxd2 Nxd3 25. Rxd3 Rad8 26. Bb6 Rd7
27. Bxe6 fxe6 28. Bc5 d5 29. Bxe7 Rxe7 30. exd5 exd5 31. Rxd5
Rxf3 32. Rb5 Rf4 33. g6 Re8 34. Re1 Rh4 35. Kc1 Rxh5 36. gxh7+
Kxh7 37. Rxb4 Re6 38. Ra4 Kg6 39. Rxa3 e4 40. Ra4 Rhe5 41. Kd2
e3+ 42. Kd3 Kf5 43. Rf1+ Kg5 44. Rd4 e2 45. Re1 Kf5 46. c4
Re3+ 47. Kd2 g5 48. Rd3 R3e4 49. Rf3+ Kg4 50. Rf2 Rd6+ 51. Kc2
Rd8 52. Rfxe2 Rxe2+ 53. Rxe2 Kf3 54. Re7 g4 55. Rf7+ Ke2
56. Rg7 Rd2+ 57. Kc3 Rd3+ 58. Kb4 g3 59. c5 Kf2 60. c6 Rd1
61. c7 Rc1 62. Kb5 1-0

[Event "China - France Youth Match"]
[Site "Shenzheng CHN"]
[Date "2005.06.29"]
[EventDate "2005.06.28"]
[Round "2"]
[Result "1/2-1/2"]
[White "Zhao Jun"]
[Black "Maxime Vachier-Lagrave"]
[WhiteElo "2521"]
[BlackElo "2525"]
[PlyCount "98"]

1. e4 c5 2. Nf3 e6 3. d4 cxd4 4. Nxd4 a6 5. Bd3 Bc5 6. Nb3 Be7
7. Qg4 g6 8. Qe2 d6 9. O-O Nc6 10. c4 Ne5 11. Nc3 Qc7 12. f4
Nxd3 13. Qxd3 Nf6 14. Kh1 Bd7 15. Be3 Rc8 16. Nd2 O-O 17. f5
Ng4 18. Bd4 Ne5 19. Bxe5 dxe5 20. f6 Bc5 21. Qg3 Rfd8 22. Nf3
Be8 23. h4 h5 24. Qg5 Qb6 25. Rae1 Qxb2 26. Ne2 Rd3 27. Ng3
Rcd8 28. Nxh5 Rxf3 29. Rxf3 Qd2 30. Qxd2 Rxd2 31. Ng3 Bc6
32. Kh2 Rxa2 33. Kh3 Kh7 34. Rb1 a5 35. Rfb3 Rf2 36. Rxb7 Bxb7
37. Rxb7 Rxf6 38. Rc7 Bd6 39. Ra7 Bb4 40. c5 Bxc5 41. Rxa5 Bd4
42. Ra3 Kg7 43. Rf3 Rxf3 44. gxf3 Bf2 45. Nf1 Kh6 46. Nd2 Kh5
47. Nc4 f6 48. Nd6 Bc5 49. Ne8 Be7 1/2-1/2